ბათუმის შოთა რუსთაველის სახელმწიფო უნივერსიტეტის ბიბლიოთეკა

სასურსათო უსაფრთხოებისა და კვების ინდუსტრიის კონკურენტუნარიანობის ამაღლების სტრატეგიები ( აჭარის ავტონომიური რესპუბლიკის მაგალითზე) : (ბიბ.ჩანაწერი № 63271)

000 -ლიდერი
ფიქსირებული სიგრძის საკონტროლო ველი 02352nam a22002417a 4500
003 - საკონტროლო ნომრის იდენტიფიკატორი
საკონტროლო ველი Ge_BSU
005 - ბოლო ოპერაციის თარიღი და დრო
საკონტროლო ველი 20250714173250.0
008 - ფიქსირებული სიგრძის მონაცემთა ელემენტები - ზოგადი ინფორმაცია
ფიქსირებული სიგრძის საკონტროლო ველი 250714s2025 ge ||||| |||| 00| 0 geo d
041 ## - ენის კოდი
Language code of text/sound track or separate title geo
080 ## - უნივერსალური ათობითი კლასიფიკაციის ინდექსი
Universal Decimal Classification number 33 მ-58
100 ## - მთავარი ჩანაწერი - პიროვნების სახელი
Personal name მესხიძე, ზანდა
9 (RLIN) 25644
245 ## - ცნობა სათაურის შესახებ
Title სასურსათო უსაფრთხოებისა და კვების ინდუსტრიის კონკურენტუნარიანობის ამაღლების სტრატეგიები ( აჭარის ავტონომიური რესპუბლიკის მაგალითზე) :
Remainder of title დისერტაცია / ნაშრომი შესრულებულია ბიზნესის ადმინისტრირების დოქტორის აკადემიური ხარისხის მოსაპოვებლად :
Statement of responsibility, etc ზანდა მესხიძე, სამეცნ.ხელმძღ.რეზო მანველიძე
264 ## - წარმოების, გამოცემის, დისტრიბუციის და სხვა ცნობები
გამოცემის, წარმოების, დისტრიბუციის... ადგილი ბათუმი:
გამოცემის, წარმოების, დისტრიბუციის... სახელწოდება ბათუმის შოთა რუსთაველსი სახელმწიფო უნივერსიტეტი,
გამოცემის, წარმოების, დისტრიბუციის... თარიღი 2025.
300 ## - ფიზიკური აღწერა
Extent 160 გვ.:
Other physical details ცხრ;
Dimensions 30 სმ.
504 ## - BIBLIOGRAPHY, ETC. NOTE
Bibliography, etc 150გვ-160გვ.
653 ## - INDEX TERM--UNCONTROLLED
Uncontrolled term სასურსათო საფრთხოებისა და კვების ინდუსტრიის კონკურენტუნარიანობის ამაღლების სტრატეგიები
653 ## - INDEX TERM--UNCONTROLLED
Uncontrolled term ეკონომიკა
653 ## - INDEX TERM--UNCONTROLLED
Uncontrolled term დისერტაცია
700 ## - ADDED ENTRY--PERSONAL NAME
Personal name მანველიძე,რეზო
Relator term სამეცნიერო ხელმძღვანელი
9 (RLIN) 25645
710 ## - ADDED ENTRY--CORPORATE NAME
Corporate name or jurisdiction name as entry element ბათუმის შოთა რუსთაველის სახელმწიფო უნივერსიტეტი ეკონომიკისა და ბიზნესის ფაკულტეტი
9 (RLIN) 12854
710 ## - ADDED ENTRY--CORPORATE NAME
Corporate name or jurisdiction name as entry element ბიზნესის ადმინისტრირების, მენეჯმენტის და მარკეტინგის დარგობრივი დეპარტამენტი
9 (RLIN) 25646
942 ## - ADDED ENTRY ELEMENTS (KOHA)
Source of classification or shelving scheme
Koha item type დისერტაცია
ეგზემპლარები
ჩამოწერის სტატუსი დაკარგული ეგზემპლარის სტატუსი კლასიფიკაციის წყარო ან თაროზე გაწყობის სქემა დაზიანების სტატუსი არ გაიცემა მუდმივი მდებარეობა (დაცვის ადგილი) ამჟამინდელი ადგილსამყოფელი თაროზე განთავსების ადგილი შეძენის თარიღი სრული შენახვის შიფრი შტრიხკოდი ბოლო ოპერაციის თარიღი ფასის ძალაში შესვლის თარიღი ეგზემპლარის სახეობა
          ბათუმის შოთა რუსთაველის სახელმწიფო უნივერსიტეტის მთავარი ბიბლიოთეკა ბათუმის შოთა რუსთაველის სახელმწიფო უნივერსიტეტის მთავარი ბიბლიოთეკა წიგნსაცავი 2025-07-14 33 მ-58 დიერტაცია-444 2025-07-14 2025-07-14 დისერტაცია